000 02837nam0a22003851 4500
001 rc\584348
005 20250621173440.0
035 _a(NLR Aleph) 005831494
090 _a5584981
_c5584981
100 _a20031121d1987 |||y0rusy50 ca
101 0 _arus
102 _aRU
105 _aa |||||||||
200 1 _aОктябрьская революция в советской прозе
_eПовести и рассказы 20-30-х гг.
_eСб. произведений
_f[Сост. Ю.А. Петровский, О.В. Васильева
_gАвт. вступ. ст., с. 3-24, и коммент. Ю.А. Петровский]
210 _aЛ.
_cИзд-во ЛГУ
_d1987
215 _a645, [1] с.
_cил.
_d22
320 _aБиблиогр. в примеч.: с. 635-644
327 1 _aСодерж.: Политком; Львиный выводок / А. Серафимович. Андрон Непутевый; Я хочу жить; Красноармеец Терехин / А. Неверов. Зеленя / Ф. Гладков. Падение Даира / А. Малышкин. Рождение Амгуньского полка; Пташка / А. Фадеев. Агитвагон / М. Шагинян, и произведения др. авт.
464 0 _12001#$aПолитком
_1700#1$aСерафимович$bА.
_tПолитком
_aСерафимович, А.
464 0 _12001#$aЛьвиный выводок
_1700#1$aСерафимович$bА.
_tЛьвиный выводок
_aСерафимович, А.
464 0 _12001#$aАндрон Непутевый
_1700#1$aНеверов$bА.
_tАндрон Непутевый
_aНеверов, А.
464 0 _12001#$aЯ хочу жить
_1700#1$aНеверов$bА.
_tЯ хочу жить
_aНеверов, А.
464 0 _12001#$aКрасноармеец Терехин
_1700#1$aНеверов$bА.
_tКрасноармеец Терехин
_aНеверов, А.
464 0 _12001#$aЗеленя
_1700#1$aГладков$bФ.
_tЗеленя
_aГладков, Ф.
464 0 _12001#$aПадение Даира
_1700#1$aМалышкин$bА.
_tПадение Даира
_aМалышкин, А.
464 0 _12001#$aРождение Амгуньского полка
_1700#1$aФадеев$bА.
_tРождение Амгуньского полка
_aФадеев, А.
464 0 _12001#$aПташка
_1700#1$aФадеев$bА.
_tПташка
_aФадеев, А.
464 0 _12001#$aАгитвагон
_1700#1$3RU\NLR\AUTH\7727470$aШагинян$bМ. С.$f1888-1982$gМариэтта Сергеевна
_tАгитвагон
_aШагинян, Мариэтта Сергеевна (1888-1982)
702 1 _aПетровский
_bЮ.А.
_4220
801 0 _aRU
_bNLR
_gpsbo
801 1 _aRU
_bELAR
_2rusmarc
852 _aNLR
_j87-3/10830
942 _cBOOK
980 _aNB